000 00226nam a2200085Ia 4500
245 0 _aNo such thing as dragons
100 _a REEVE, Philip London, 2009
_958531
942 _cBK
008 210817s9999 xx 000 0 und d
999 _c273348
_d273348